banner-ar

اساسيات تصنيف الاشجار وتصريف الاخشاب / (Record no. 34934)

MARC details
000 -الفاتح
حقل البيانات ثابتة الطول 01049nam a2200241Ia 4500
005 - وقت وتاريخ اخر تعامل مع التسجيلة
رقم الضبط 20240530102843.0
008 - عناصر البيانات ثابتة الطول - معلومات عامة
حقل البيانات ثابتة الطول 140319s9999 xx 000 0 ara d
020 ## - الرقم الدولى المعيارى للكتب
الرقم الدولى المعيارى للكتاب 1770300284
040 ## - مصدر الفهرسة
وكالة الفهرسة الأصلية GCL /
وكالة النسخ GCL
082 04 - رقم تصنيف ديوى العشرى
رقم التصنيف 581.11
رقم المادة ا ا
100 1# - المدخل الرئيسى - إسم شخصى
الإسم الشخصى السيد عزت قنديل
245 10 - بيان العنوان
العنوان اساسيات تصنيف الاشجار وتصريف الاخشاب /
بيان المسئوليه,etc السيد عزت قنديل ؛عبدالوهاب بدرالدين السيد ؛ سمير فؤاد على توفيق ؛ ابراهيم عبده خيرالله ؛| حسين ابراهيم على
260 ## - PUBLICATION, DISTRIBUTION, ETC. (IMPRINT)
تاريخ النشر أو التوزيع 1991
300 ## - الوصف المادى
التعداد 631 ص ؛
أبعاد الوعاء 24 سم
650 04 - المدخل الاضافى بالموضوع-مصطلح موضوعى
مصطلح موضوعي النبات
650 04 - المدخل الاضافى بالموضوع-مصطلح موضوعى
مصطلح موضوعي الاشجار
700 1# - المدخل الاضافى - اسم شخصى
الإسم الشخصى عبدالوهاب بدرالدين السيد
الدور مؤلف مشارك
700 1# - المدخل الاضافى - اسم شخصى
الإسم الشخصى ابراهيم عبده خيرالله
الدور مؤلف مشارك
700 1# - المدخل الاضافى - اسم شخصى
الإسم الشخصى حسين ابراهيم على
الدور مؤلف مشارك
700 1# - المدخل الاضافى - اسم شخصى
الإسم الشخصى سمير على توفيق
الدور مؤلف مشارك
942 ## - عناصر المدخل الإضافي( كوها)
مصدر التصنيف او مخطط الترفيف Dewey Decimal Classification
Koha [default] item type كتاب
260 ## - PUBLICATION, DISTRIBUTION, ETC. (IMPRINT)
-- القاهرة :
-- منشاة المعارف ،
Holdings
حالة التراجع حالة الفقد حالة تلف ليس للاعارة المكان المؤقت الموقع الحالى تاريخ الاكتساب اجمالي اﻻعارات رقم الطلب الباركود تاريخ اخر مشاهدة تاريخ تفعيل السعر نوع وعاء كوها
        مكتبة القاهرة الكبرى مكتبة القاهرة الكبرى 03/26/2014   581.1\ا ا 84737 03/26/2014 03/26/2014 كتاب
        مكتبة القاهرة الكبرى مكتبة القاهرة الكبرى 03/26/2014   581.1\ا ا 84738 03/26/2014 03/26/2014 كتاب

Powered By

EGPV